00566nam a2200181Ia 4500008004100000020001500041041000800056082001300064100002200077245003700099250000600136260004400142300000800186650002200194700002200216999001900238952012700257210716s2004 xx 000 0 und d a0195671570 aeng a413 BALS aBlackburn, Simon. aOxford dictionary of philosophy. a1 aNew YorkbOxford University Pressc2004 a418 aDictionaries(413) aBlackburn, Simon. c198132d198132 00102ddc40738MBAaAIMITbAIMITd2004-10-19g245.00l0o413 BALSpMBA00697r2025-07-21 00:00:00v196.00w2021-07-16yBK